| 000 | 00631cam a22001457a 4500 | ||
|---|---|---|---|
| 008 | 180718b1968 xxu||||| |||| 00| 0 eng d | ||
| 082 | _aC403x54 In2 | ||
| 100 | _aIndia. Joint Committee on the Union Territories on Separation of Judicial and Executive Funcations Bill | ||
| 245 |
_aReport of the Joint Committee on the Union Territories: Separation of Judicial and Executive Functions Bill, 1968 _cby Lok Sabha Secretariat |
||
| 260 |
_aNew Delhi _bLok Sabha Secretariat _c1968 |
||
| 300 | _a50+p. | ||
| 500 | _aChairman: Vikram Chand Mahajan | ||
| 700 | _aIndia. Lok Sabha Secretariat | ||
| 700 | _aMahajan, Vikram Chand (Chairman) | ||
| 999 |
_c490023 _d490023 |
||